000 00481cam a22001931 4500
001 af 48004014
003 DLC
005 20260227110905.0
008 821229s1945 fr c 000 0 fre
010 _aaf 48004014
035 _a(OCoLC)16762636
040 _aDLC
_cOrPS
_dDLC
042 _apremarc
050 0 0 _aPQ2637.O837
_bF7
100 1 _aSouvenance, Jean,
_d1903-1962.
245 1 0 _aFrères inférieurs.
260 _aSaint-Brieuc,
_c1945.
300 _a96 p.
_bport.
_c19 cm.
999 _c5869
_d5869